Desatero Božích přikázání - Statistics

General Stats
  • This quiz has been taken 123 times
  • The average score is 7 of 10
Answer Stats
Přikázání % Correct
2. Nevezmeš jména Božího {nadarmo}.
94%
7. {Nepokradeš}.
92%
4. {Cti} otce svého i matku svou, abys dlouho živ byl a dobře ti bylo na zemi.
88%
6. {Nesesmilníš}.
81%
5. {Nezabiješ}.
77%
1. V {jednoho} Boha věřiti budeš.
73%
9. Nepožádáš {manželky} bližního svého.
59%
3. Pomni, abys den sváteční {světil}.
43%
8. Nepromluvíš křivého {svědectví} proti bližnímu svému.
39%
10. Aniž požádáš {statku} jeho.
29%
No matching quizzes found
Score Distribution
Percent of People with Each Score
Percentile by Number Answered
Your Score History
You have not taken this quiz